[Event "Rated Blitz tournament tHbE0kCS"]
[Site "?"]
[Date "2021.06.20"]
[Round "?"]
[White "Annomalist"]
[Black "dr_xStranger"]
[Result "0-1"]
[WhiteElo "2358"]
[BlackElo "2499"]
[PlyCount "32"]
[EventDate "2021.??.??"]
[EventType "blitz"]

1. e4 e5 2. Nf3 d5 3. Nxe5 Bd6 4. d4 dxe4 5. Bc4 Bxe5 6. dxe5 Qxd1+ 7. Kxd1 Nc6
8. Bf4 Nge7 9. Nc3 Ng6 10. Bg3 Ncxe5 11. Bb3 Bg4+ 12. Ke1 O-O-O 13. Nxe4 Rhe8
14. f3 Nxf3+ 15. gxf3 Bxf3 16. Kf2 Bxh1 {Normal} 0-1

[Event "Rated Rapid tournament C3niuSzK"]
[Site "?"]
[Date "2021.06.20"]
[Round "?"]
[White "GloriousJingongo"]
[Black "Siebenschlaefer"]
[Result "0-1"]
[WhiteElo "2537"]
[BlackElo "2402"]
[PlyCount "134"]
[EventDate "2021.??.??"]
[EventType "rapid"]

1. e4 e5 2. Nf3 d5 3. exd5 e4 4. Ne5 Qxd5 5. d4 exd3 6. Nxd3 Nf6 7. Nc3 Qf5 8.
Be2 Bd6 9. O-O O-O 10. Bf3 Nc6 11. h3 Bd7 12. a4 a6 13. Be3 Rad8 14. Qd2 Rfe8
15. Bf4 Be6 16. Rfe1 h6 17. Bxd6 Rxd6 18. Qf4 Red8 19. Rac1 Qxf4 20. Nxf4 Bf5
21. g4 Bh7 22. Ne4 Nxe4 23. Bxe4 Bxe4 24. Rxe4 Rd1+ 25. Rxd1 Rxd1+ 26. Kg2 Kf8
27. Nd3 Rd2 28. Rc4 g6 29. Nc5 Nd4 30. Nxb7 Nxc2 31. Rxc7 Ne1+ 32. Kg3 Rxb2 33.
Nd6 Rb3+ 34. Kh2 Rf3 35. Kg1 Nd3 36. Ne4 Rf4 37. Rd7 Rxe4 38. Rxd3 Rxa4 39.
Rd8+ Kg7 40. Ra8 Ra3 41. Kg2 Kf6 42. Ra7 h5 43. gxh5 gxh5 44. Kh2 h4 45. Kg2
Kg6 46. Ra8 Kg7 47. Ra7 a5 48. Ra6 Ra1 49. Ra7 a4 50. Ra6 a3 51. Ra5 Kg6 52.
Ra4 Kg5 53. Rg4+ Kh5 54. Ra4 f5 55. Kf3 Kg5 56. Kg2 Kh5 57. Kf3 Kg6 58. Kg2 Kf7
59. Kf3 Ke6 60. Kg2 Kd5 61. Rxh4 Kc5 62. Ra4 Kb5 63. Ra8 Kb4 64. h4 Rc1 65. h5
Rc3 66. h6 Rc7 67. Kg3 Rh7 {Time forfeit} 0-1

[Event "Rated Blitz game"]
[Site "?"]
[Date "2021.06.20"]
[Round "?"]
[White "Birka543"]
[Black "annaly1979"]
[Result "1-0"]
[WhiteElo "2463"]
[BlackElo "2440"]
[PlyCount "103"]
[EventDate "2021.??.??"]
[EventType "blitz"]

1. e4 e5 2. Nf3 d5 3. exd5 e4 4. Qe2 f5 5. d3 Nf6 6. Nc3 Bb4 7. Bd2 Bxc3 8.
Bxc3 O-O 9. dxe4 Nxe4 10. Bd4 Qxd5 11. O-O-O Qxa2 12. Qc4+ Qxc4 13. Bxc4+ Kh8
14. Ne5 Nd6 15. Bc5 b5 16. Bxd6 cxd6 17. Nf7+ Kg8 18. Nh6+ Kh8 19. Nf7+ Kg8 20.
Bd5 Na6 21. Bxa8 Kxf7 22. Rxd6 Nc7 23. Bd5+ Ke7 24. Rc6 Nxd5 25. Re1+ Kd7 26.
Rc5 Nc7 27. Rd1+ Ke6 28. Rxc7 f4 29. Rxg7 a5 30. Rxh7 a4 31. Rh6+ Ke7 32. Rb6
Rf5 33. Rc6 Be6 34. Re1 Rf6 35. h4 Kf7 36. h5 Bg4 37. Rxf6+ Kxf6 38. h6 Kg6 39.
f3 Bf5 40. Rh1 Kh7 41. Rh5 Bg6 42. Rxb5 Kxh6 43. Rb6 Kg5 44. Kd2 Bh7 45. Rb4
Kh4 46. Rxf4+ Kg3 47. Rxa4 Kxg2 48. f4 Kf3 49. Rd4 Bf5 50. c3 Be6 51. b4 Bb3
52. b5 {Normal} 1-0

[Event "Rated Blitz game"]
[Site "?"]
[Date "2021.06.20"]
[Round "?"]
[White "AperaciumProxima"]
[Black "elcabusin"]
[Result "1-0"]
[WhiteElo "2487"]
[BlackElo "2387"]
[PlyCount "87"]
[EventDate "2021.??.??"]
[EventType "blitz"]

1. e4 e5 2. Nf3 d5 3. d3 dxe4 4. dxe4 Qxd1+ 5. Kxd1 Nc6 6. Bb5 Bd7 7. Nc3 O-O-O
8. Ke2 f6 9. Be3 Bb4 10. Nd5 Bd6 11. a4 a6 12. Bd3 Nge7 13. Rhd1 Nxd5 14. exd5
Ne7 15. c4 Nf5 16. Ba7 c5 17. dxc6 Be6 18. c5 Bc7 19. Bb6 Rhe8 20. cxb7+ Kxb7
21. Be4+ Kb8 22. b4 Bc4+ 23. Ke1 Nd4 24. Nd2 Bf7 25. Rdc1 f5 26. Bd3 e4 27.
Bxa6 e3 28. fxe3 Rxe3+ 29. Kf1 f4 30. Nc4 Bh5 31. Bxc7+ Kxc7 32. Nxe3 fxe3 33.
Re1 Rf8+ 34. Kg1 e2 35. b5 Rf6 36. b6+ Kb8 37. Bc4 Nc6 38. a5 Ne5 39. Ra2 Nc6
40. Bb5 Kb7 41. a6+ Kb8 42. Bxc6 Rxc6 43. a7+ Kb7 44. a8=Q# {Normal} 1-0

[Event "Rated Blitz game"]
[Site "?"]
[Date "2021.06.20"]
[Round "?"]
[White "PVZ1971"]
[Black "annaly1979"]
[Result "1-0"]
[WhiteElo "2435"]
[BlackElo "2433"]
[PlyCount "55"]
[EventDate "2021.??.??"]
[EventType "blitz"]

1. e4 e5 2. Nf3 d5 3. Nxe5 Qe7 4. d4 f6 5. Ng4 Nc6 6. Bb5 Bd7 7. Ne3 Qxe4 8.
O-O Nge7 9. Nc3 Qh4 10. Nexd5 Nxd5 11. Nxd5 Bd6 12. g3 Qh3 13. Re1+ Kd8 14. Bf4
Ne7 15. Nxe7 Bxe7 16. Bxd7 Kxd7 17. Bxc7 Rac8 18. Bf4 g5 19. Be3 h5 20. Qf3 Kc7
21. Bxg5 Rce8 22. Bf4+ Kc8 23. Qg2 Qxg2+ 24. Kxg2 h4 25. c4 h3+ 26. Kf3 Bb4 27.
Re3 Bd2 28. Rxe8+ {Normal} 1-0

[Event "Rated Blitz tournament fX1ruhJf"]
[Site "?"]
[Date "2021.06.20"]
[Round "?"]
[White "DmitriyBiryuk777"]
[Black "InvisibleKoT"]
[Result "1/2-1/2"]
[WhiteElo "2565"]
[BlackElo "2491"]
[PlyCount "182"]
[EventDate "2021.??.??"]
[EventType "blitz"]

1. e4 e5 2. Nf3 d5 3. Nxe5 Bd6 4. d4 dxe4 5. Nc3 Bxe5 6. dxe5 Qxd1+ 7. Nxd1 Nc6
8. Bb5 Bd7 9. Bxc6 Bxc6 10. Nc3 Ne7 11. Bf4 O-O-O 12. Rd1 Ng6 13. Bg3 Rhe8 14.
Rxd8+ Kxd8 15. Ke2 Nxe5 16. Rd1+ Kc8 17. Bxe5 Rxe5 18. Ke3 f5 19. g3 g5 20. h4
h6 21. hxg5 hxg5 22. Rh1 Kd7 23. Rh7+ Re7 24. Rh5 Rg7 25. Ne2 Kd6 26. Nd4 Bd7
27. Rh6+ Ke5 28. f4+ exf3 29. Nxf3+ Kd5 30. Rh5 g4 31. Nd4 Re7+ 32. Kd3 Rf7 33.
c4+ Ke5 34. Ne2 b6 35. Nf4 Bc6 36. Rh6 Be4+ 37. Ke3 Rf6 38. Rh7 Rd6 39. Rxc7 a5
40. Re7+ Kf6 41. Rh7 Ke5 42. Re7+ Kf6 43. Rh7 Ke5 44. b3 Rd1 45. Re7+ Kf6 46.
Re6+ Kf7 47. Rxb6 Rg1 48. Nh5 Ra1 49. a4 Rh1 50. Nf4 Rg1 51. Nh5 Rd1 52. Kf4
Rd3 53. Nf6 Rf3+ 54. Ke5 Rxg3 55. Nxe4 fxe4 56. Kxe4 Rc3 57. Rb5 g3 58. Rxa5
Rxb3 59. Rg5 Kf6 60. Rg8 Ke6 61. Kf4 Kd6 62. Rxg3 Rb4 63. Rc3 Rxa4 64. Ke4 Kc5
65. Kd3 Ra8 66. Rb3 Rd8+ 67. Kc3 Rh8 68. Rb5+ Kc6 69. Re5 Rh3+ 70. Kb4 Rh6 71.
Rc5+ Kb6 72. Rb5+ Ka6 73. Ra5+ Kb7 74. Rb5+ Kc6 75. Rc5+ Kd7 76. Rd5+ Ke8 77.
Kb5 Rh1 78. c5 Rb1+ 79. Kc6 Ke7 80. Kc7 Ke6 81. Rd6+ Ke7 82. c6 Ra1 83. Rd7+
Ke6 84. Rd3 Rc1 85. Re3+ Kd5 86. Kd7 Kd4 87. c7 Kxe3 88. c8=Q Rd1+ 89. Ke7 Re1
90. Qe6+ Kf2 91. Qxe1+ Kxe1 {Normal} 1/2-1/2

[Event "Rated Blitz game"]
[Site "?"]
[Date "2021.06.20"]
[Round "?"]
[White "M-K_2"]
[Black "olarovfan"]
[Result "1-0"]
[WhiteElo "2572"]
[BlackElo "2597"]
[PlyCount "63"]
[EventDate "2021.??.??"]
[EventType "blitz"]

1. e4 e5 2. Nf3 d5 3. Nxe5 Bd6 4. d4 dxe4 5. Nc4 Nc6 6. Nc3 Bf5 7. d5 Ne5 8.
Be3 Nf6 9. Qd4 Nxc4 10. Bxc4 a6 11. O-O-O Qe7 12. h3 h5 13. Bg5 Be5 14. Qd2 Qc5
15. Bb3 O-O-O 16. Na4 Qd6 17. Rhe1 Rhe8 18. Qa5 Bf4+ 19. Bxf4 Qxf4+ 20. Kb1 e3
21. fxe3 Rxe3 22. Rxe3 Qxe3 23. d6 Rxd6 24. Qxf5+ Kb8 25. Rc1 Ne4 26. Rh1 Ng3
27. Qxf7 Nxh1 28. a3 Qe5 29. Nc3 Ng3 30. Nd5 Rc6 31. Ne7 Ne4 32. Qe8+ {Normal}
1-0

[Event "Rated Blitz tournament tHbE0kCS"]
[Site "?"]
[Date "2021.06.20"]
[Round "?"]
[White "Annomalist"]
[Black "dr_xStranger"]
[Result "0-1"]
[WhiteElo "2361"]
[BlackElo "2482"]
[PlyCount "82"]
[EventDate "2021.??.??"]
[EventType "blitz"]

1. e4 e5 2. Nf3 d5 3. exd5 e4 4. Ne5 Qxd5 5. d4 exd3 6. Nxd3 Nf6 7. Qe2+ Be7 8.
Nc3 Qd8 9. Bg5 O-O 10. O-O-O Nbd7 11. h4 Re8 12. Qf3 h6 13. Bf4 Bd6 14. Bxd6
cxd6 15. Nf4 Ne5 16. Qg3 Be6 17. Nd3 Qa5 18. f4 Neg4 19. Be2 h5 20. Bxg4 Bxg4
21. Rde1 d5 22. Rxe8+ Rxe8 23. Re1 Ne4 24. Nxe4 dxe4 25. Ne5 f6 26. Qb3+ Be6
27. Qe3 fxe5 28. fxe5 Qxe5 29. Qxa7 Qf4+ 30. Kb1 Qxh4 31. Rf1 Qg5 32. Qa4 Qe7
33. b3 e3 34. Re1 Bg4 35. Qd4 e2 36. Qd2 Rd8 37. Rxe2 Bxe2 38. Qc3 Bg4 39. Qc4+
Qe6 40. Qc7 Qf6 41. Qxb7 Rd1# {Normal} 0-1

[Event "Rated Blitz tournament 9AH7odx8"]
[Site "?"]
[Date "2021.06.20"]
[Round "?"]
[White "Shah-gulyi"]
[Black "geptil"]
[Result "0-1"]
[WhiteElo "2411"]
[BlackElo "2341"]
[PlyCount "46"]
[EventDate "2021.??.??"]
[EventType "blitz"]

1. e4 e5 2. Nf3 d5 3. d4 dxe4 4. Nxe5 Bd6 5. Bc4 Bxe5 6. Qh5 Qe7 7. dxe5 Nc6 8.
Bf4 Be6 9. Bb5 Qb4+ 10. Nc3 Qxb2 11. Bxc6+ bxc6 12. O-O Qxc3 13. Qg5 Ne7 14.
Qxg7 Rg8 15. Qf6 Nd5 16. Qh6 O-O-O 17. Bg3 Rxg3 18. hxg3 Qxe5 19. Rab1 Rg8 20.
Rfe1 e3 21. c4 exf2+ 22. Kxf2 Qxg3+ 23. Ke2 Qxg2+ {Normal} 0-1

[Event "Rated Blitz tournament X84F9uhy"]
[Site "?"]
[Date "2021.06.20"]
[Round "?"]
[White "LucaVialli"]
[Black "VVV-31"]
[Result "1-0"]
[WhiteElo "2417"]
[BlackElo "2335"]
[PlyCount "67"]
[EventDate "2021.??.??"]
[EventType "blitz"]

1. e4 e5 2. Nf3 d5 3. exd5 Bd6 4. Nc3 Nf6 5. d3 h6 6. h3 O-O 7. g4 c6 8. dxc6
Nxc6 9. Bg2 Re8 10. Ne4 Bc7 11. O-O Nd5 12. Re1 f5 13. gxf5 Bxf5 14. Ng3 Bg6
15. c3 Nf4 16. Bxf4 exf4 17. Ne4 Qe7 18. Qb3+ Kh7 19. Qxb7 Qd7 20. Neg5+ hxg5
21. Nxg5+ Kh6 22. Qxc6 Qxc6 23. Bxc6 Rxe1+ 24. Rxe1 Rb8 25. Nf3 Bxd3 26. Re6+
g6 27. b4 Rd8 28. Re7 Bb6 29. Kg2 Bb1 30. h4 Rd6 31. Ng5 Kh5 32. Rh7+ Kg4 33.
Bd7+ Bf5 34. f3# {Normal} 1-0

[Event "Rated Rapid game"]
[Site "?"]
[Date "2021.06.20"]
[Round "?"]
[White "SuperBot-D"]
[Black "Boris-Trapsky"]
[Result "1-0"]
[WhiteElo "2576"]
[BlackElo "2259"]
[PlyCount "131"]
[EventDate "2021.??.??"]
[EventType "rapid"]

1. e4 e5 2. Nf3 d5 3. exd5 e4 4. Qe2 Nf6 5. d3 Qxd5 6. Nbd2 Bf5 7. dxe4 Bxe4 8.
Ng5 Qxg5 9. Nxe4 Qe5 10. Nxf6+ gxf6 11. Bf4 Qxe2+ 12. Bxe2 Nc6 13. O-O-O Ne5
14. Rhe1 Bd6 15. Bb5+ Ke7 16. Bd2 Bc5 17. f4 a6 18. Bd3 Bd6 19. Bc3 b5 20. fxe5
fxe5 21. Bxe5 Bxe5 22. Rxe5+ Kf8 23. Rc5 h5 24. Rxc7 Kg7 25. Rf1 Raf8 26. Rf5
h4 27. Rc6 Ra8 28. Rb6 h3 29. Rg5+ Kf8 30. g3 Ke7 31. Rb7+ Kf8 32. Rf5 Rh7 33.
Rf6 Rg7 34. Kd2 Rd8 35. Kc3 Ra8 36. Kb3 a5 37. Bxb5 Rd8 38. Bc4 Rh7 39. Rfxf7+
Rxf7 40. Rxf7+ Ke8 41. Rh7 Rd6 42. Rxh3 Rb6+ 43. Ka3 Rf6 44. Rh7 Rf5 45. Bd3
Rg5 46. Ka4 Kd8 47. Ra7 Re5 48. h4 Rd5 49. Rxa5 Rd6 50. Rb5 Ke7 51. h5 Ra6+ 52.
Kb3 Re6 53. g4 Rh6 54. Bg6 Kd6 55. g5 Rh8 56. h6 Rf8 57. h7 Rh8 58. Bd3 Ke6 59.
g6 Kf6 60. Rb7 Ke5 61. g7 Rd8 62. g8=Q Rxg8 63. hxg8=Q Kd6 64. Qg5 Ke6 65. Bc4+
Kd6 66. Qd5# {Normal} 1-0

[Event "Rated Blitz game"]
[Site "?"]
[Date "2021.06.20"]
[Round "?"]
[White "RommelGanzon"]
[Black "Jorny_Too_Pass"]
[Result "0-1"]
[WhiteElo "2588"]
[BlackElo "2234"]
[PlyCount "135"]
[EventDate "2021.??.??"]
[EventType "blitz"]

1. e4 e5 2. Nf3 d5 3. d4 dxe4 4. Nxe5 Bd6 5. Nc4 Nf6 6. Nc3 O-O 7. Be2 Bf5 8.
Bg5 Nbd7 9. Ne3 Bg6 10. O-O c6 11. Bc4 Qc7 12. h3 Bf4 13. Bxf4 Qxf4 14. Ne2 Qh4
15. Ng3 Rfe8 16. Bb3 a5 17. a4 Nb6 18. Qd2 Nbd5 19. Nef5 Qf4 20. Qxf4 Nxf4 21.
Rfe1 Rad8 22. Rad1 h5 23. Ne3 N4d5 24. Ngf5 Nxe3 25. Nxe3 Nd5 26. Nc4 b6 27. g3
Kf8 28. h4 Bf5 29. Ne5 Nb4 30. Nxf7 Nxc2 31. Nxd8 Nxe1 32. Rxe1 Rxd8 33. Rd1
Ke7 34. Kf1 Bg4 35. Rd2 Bf3 36. Ke1 Kd6 37. Bc4 Re8 38. Be2 Bxe2 39. Kxe2 Kd5
40. Ke3 Rf8 41. Ke2 Rf3 42. Rd1 Rb3 43. Rd2 Rb4 44. Rc2 Rxd4 45. Ke3 c5 46. Kf4
Rxa4 47. Kg5 e3 48. fxe3 Re4 49. Kxh5 Rxe3 50. g4 Rg3 51. g5 c4 52. Kg6 b5 53.
h5 b4 54. Rd2+ Kc5 55. Rd7 c3 56. bxc3 b3 57. Rxg7 a4 58. Rb7 Kc4 59. h6 a3 60.
h7 Rh3 61. Kg7 a2 62. Ra7 Kxc3 63. g6 b2 64. h8=Q Rxh8 65. Kxh8 b1=Q 66. Rc7+
Kd4 67. g7 Qh1+ 68. Kg8 {Normal} 0-1

[Event "Rated Blitz tournament zxZuA9Yg"]
[Site "?"]
[Date "2021.06.20"]
[Round "?"]
[White "AgusSs11_KBPL"]
[Black "om_gendut"]
[Result "0-1"]
[WhiteElo "2328"]
[BlackElo "2435"]
[PlyCount "36"]
[EventDate "2021.??.??"]
[EventType "blitz"]

1. e4 e5 2. Nf3 d5 3. exd5 e4 4. Qe2 Be7 5. Nc3 exf3 6. Qxf3 Nf6 7. Bb5+ Nbd7
8. d4 O-O 9. Bf4 Nb6 10. O-O-O Bg4 11. Qg3 Bxd1 12. Bxc7 Qc8 13. d6 Bd8 14.
Rxd1 Bxc7 15. dxc7 Nbd5 16. Nxd5 Nxd5 17. Qd6 Nxc7 18. Rd3 Nxb5 {Normal} 0-1

[Event "Rated Blitz game"]
[Site "?"]
[Date "2021.06.20"]
[Round "?"]
[White "ehud50"]
[Black "annaly1979"]
[Result "0-1"]
[WhiteElo "2447"]
[BlackElo "2425"]
[PlyCount "138"]
[EventDate "2021.??.??"]
[EventType "blitz"]

1. e4 e5 2. Nf3 d5 3. Nxe5 Qe7 4. d4 f6 5. Nd3 Nc6 6. Be3 dxe4 7. Nf4 f5 8. Bb5
a6 9. Bxc6+ bxc6 10. O-O Nf6 11. c4 Qf7 12. Nc3 Bd6 13. f3 exf3 14. Qxf3 O-O
15. c5 Bxf4 16. Bxf4 Nd5 17. Nxd5 cxd5 18. Be5 Bd7 19. Qf4 c6 20. Rae1 Rfe8 21.
Rf2 a5 22. Re3 a4 23. Rg3 g6 24. h4 Re6 25. h5 Rae8 26. h6 Qe7 27. Re2 Qf7 28.
Ra3 Qf8 29. Rxa4 Ra8 30. Rxa8 Qxa8 31. Qg5 Qf8 32. Re3 Qe7 33. Qxe7 Rxe7 34.
Rb3 Kf7 35. Rb8 Ke6 36. Rg8 Rf7 37. Rg7 Bc8 38. Kf2 Ba6 39. g3 Ke7 40. Ke3 Kf8
41. Kd2 Rb7 42. b3 Rxg7 43. hxg7+ Kf7 44. a4 g5 45. Ke3 h6 46. b4 Bc4 47. b5
cxb5 48. c6 b4 49. c7 Ba6 50. Kd2 h5 51. Bd6 Kxg7 52. Bxb4 Kf7 53. Bd6 Ke6 54.
Be5 Kd7 55. Ke3 Kc6 56. Bf6 f4+ 57. gxf4 gxf4+ 58. Kxf4 Kxc7 59. Be5+ Kc6 60.
Kg5 Be2 61. a5 Kb5 62. Bc7 Bf3 63. Bb6 Ka6 64. Kh4 Bg4 65. Kg5 Kb5 66. Kh4 Be2
67. Kg5 Kc6 68. Kh4 Kd6 69. Kg5 Ke6 {Time forfeit} 0-1

[Event "Rated Blitz game"]
[Site "?"]
[Date "2021.06.20"]
[Round "?"]
[White "petergo"]
[Black "Winquitter"]
[Result "1-0"]
[WhiteElo "2499"]
[BlackElo "2494"]
[PlyCount "65"]
[EventDate "2021.??.??"]
[EventType "blitz"]

1. e4 e5 2. Nf3 d5 3. d4 dxe4 4. Nxe5 Nd7 5. Bf4 Bd6 6. Nc3 Ngf6 7. Bc4 O-O 8.
Qe2 Qe7 9. Nxe4 Nxe5 10. Nxf6+ gxf6 11. dxe5 fxe5 12. Bh6 Re8 13. O-O-O Be6 14.
Bd3 f5 15. Qh5 e4 16. Bb5 Red8 17. Bg5 Qg7 18. Bxd8 Rxd8 19. Kb1 Rf8 20. Qe2
Be5 21. Bc4 Bxc4 22. Qxc4+ Kh8 23. Qb3 Qxg2 24. Rhg1 Qxf2 25. Qf7 Qc5 26. Qh5
Qb4 27. c3 Bxc3 28. Rg2 e3 29. Rd7 Qe4+ 30. Ka1 f4 31. bxc3 e2 32. Rxe2 Qh1+
33. Kb2 {Time forfeit} 1-0

[Event "Rated Blitz game"]
[Site "?"]
[Date "2021.06.20"]
[Round "?"]
[White "jbTraining"]
[Black "Winquitter"]
[Result "0-1"]
[WhiteElo "2501"]
[BlackElo "2494"]
[PlyCount "28"]
[EventDate "2021.??.??"]
[EventType "blitz"]

1. e4 e5 2. Nf3 d5 3. Nc3 dxe4 4. Nxe4 f5 5. Ng3 e4 6. Ne5 Nf6 7. d4 Be6 8. Bc4
Bxc4 9. Nxc4 g6 10. h4 h5 11. Bg5 Bg7 12. Ne5 Nc6 13. Nf7 Kxf7 14. c3 Qd5 {
Normal} 0-1

[Event "Rated Blitz game"]
[Site "?"]
[Date "2021.06.20"]
[Round "?"]
[White "I_B_N"]
[Black "Racheengel"]
[Result "0-1"]
[WhiteElo "2405"]
[BlackElo "2439"]
[PlyCount "30"]
[EventDate "2021.??.??"]
[EventType "blitz"]

1. e4 e5 2. Nf3 d5 3. Nxe5 Bd6 4. d4 dxe4 5. Nc4 Be7 6. Nc3 f5 7. Be2 Nf6 8.
Bf4 c6 9. h4 Be6 10. Ne5 Nbd7 11. h5 Nxe5 12. Bxe5 h6 13. Qd2 O-O 14. O-O-O Nd5
15. g4 Bg5 {Normal} 0-1

[Event "Rated Blitz tournament koQQ3LtQ"]
[Site "?"]
[Date "2021.06.20"]
[Round "?"]
[White "epistimonas"]
[Black "gmmds2694"]
[Result "1-0"]
[WhiteElo "2707"]
[BlackElo "2586"]
[PlyCount "55"]
[EventDate "2021.??.??"]
[EventType "blitz"]

1. e4 e5 2. Nf3 d5 3. Nxe5 Bd6 4. d4 dxe4 5. Nc4 Nf6 6. Be2 O-O 7. Be3 Nc6 8.
c3 Nd5 9. Nbd2 f5 10. Nxd6 Qxd6 11. g3 f4 12. gxf4 Nxf4 13. Nxe4 Ng2+ 14. Kd2
Qg6 15. Bd3 Bf5 16. Nc5 Rae8 17. Rg1 Nxe3 18. fxe3 Qh6 19. Qe2 Bh3 20. Rg3 Kh8
21. Rag1 Re7 22. Kc2 Ref7 23. Ne4 Bf5 24. Ng5 Bxd3+ 25. Qxd3 Rf2+ 26. Kc1 Qxh2
27. Re1 b5 28. Rh3 {Normal} 1-0

[Event "Rated Blitz tournament X84F9uhy"]
[Site "?"]
[Date "2021.06.20"]
[Round "?"]
[White "Joejan"]
[Black "VVV-31"]
[Result "0-1"]
[WhiteElo "2420"]
[BlackElo "2314"]
[PlyCount "90"]
[EventDate "2021.??.??"]
[EventType "blitz"]

1. e4 e5 2. Nf3 d5 3. d4 dxe4 4. Nxe5 Bd6 5. Nc4 Nf6 6. Nc3 O-O 7. Bg5 h6 8.
Bh4 Bf5 9. Be2 Re8 10. Qd2 Bb4 11. Ne3 Bg6 12. O-O-O Nbd7 13. a3 Be7 14. g4 c6
15. g5 hxg5 16. Bxg5 b5 17. h4 b4 18. axb4 Bxb4 19. h5 Bh7 20. h6 Qa5 21. Kb1
Qxg5 22. Rdg1 Qa5 23. Rxg7+ Kf8 24. Nc4 Bxc3 25. Qxc3 Qxc3 26. bxc3 Rab8+ 27.
Kc1 Bg6 28. Nd6 Re6 29. Nc4 Ne8 30. h7 Bxh7 31. Rgxh7 Ke7 32. Bg4 Rf6 33. R1h2
Nd6 34. Bxd7 Nxc4 35. Bg4 Rg8 36. R7h4 Rf4 37. Bd1 Rxh4 38. Rxh4 Nd6 39. Be2
Rg2 40. Rf4 f5 41. Kd2 Kf6 42. Ke3 Kg5 43. f3 Rxe2+ 44. Kxe2 Kxf4 45. fxe4 fxe4
{Normal} 0-1

[Event "Rated Blitz tournament 9AH7odx8"]
[Site "?"]
[Date "2021.06.20"]
[Round "?"]
[White "Agontuk"]
[Black "geptil"]
[Result "0-1"]
[WhiteElo "2560"]
[BlackElo "2329"]
[PlyCount "50"]
[EventDate "2021.??.??"]
[EventType "blitz"]

1. e4 e5 2. Nf3 d5 3. Nxe5 Bd6 4. d4 dxe4 5. Nc3 Nf6 6. Bg5 O-O 7. Bc4 Nbd7 8.
Nxe4 Qe8 9. Nxf6+ gxf6 10. Bh6 Nxe5 11. dxe5 Qxe5+ 12. Qe2 Qxb2 13. O-O Qe5 14.
Qxe5 Bxe5 15. Bxf8 Bxa1 16. Bh6 Be5 17. Rd1 Bd6 18. Re1 Be6 19. Bxe6 fxe6 20.
Rxe6 Kf7 21. Re2 Rg8 22. g3 Rg4 23. Kg2 Ra4 24. c3 Be5 25. Be3 Bxc3 {Normal}
0-1

[Event "Rated Blitz game"]
[Site "?"]
[Date "2021.06.20"]
[Round "?"]
[White "dbestsmiles"]
[Black "tactinhos2900"]
[Result "0-1"]
[WhiteElo "2574"]
[BlackElo "2634"]
[PlyCount "82"]
[EventDate "2021.??.??"]
[EventType "blitz"]

1. e4 e5 2. Nf3 d5 3. Nxe5 Bd6 4. d4 dxe4 5. Bc4 Bxe5 6. Qh5 Qe7 7. dxe5 Nc6 8.
Nc3 g6 9. Qg5 Qxg5 10. Bxg5 Nxe5 11. Bb3 f6 12. Bf4 Ne7 13. Bxe5 fxe5 14. Nxe4
Bf5 15. Nc5 O-O-O 16. Rd1 c6 17. Ke2 Nd5 18. g3 e4 19. f3 exf3+ 20. Kxf3 Rhf8
21. Rd4 Bxc2+ 22. Ke2 Bxb3 23. Nxb3 Rde8+ 24. Kd2 Rf2+ 25. Kc1 Ree2 26. Rd2 Nb4
27. Rxe2 Rxe2 28. Rf1 Nd3+ 29. Kd1 Rxb2 30. Rf7 Rxh2 31. Na5 Nc5 32. Nc4 Rxa2
33. Rxh7 Rg2 34. Nd6+ Kb8 35. Rh3 a5 36. Nc4 a4 37. Ke1 b5 38. Na5 Kc7 39. Kf1
Rb2 40. Rh7+ Kb6 41. Nb7 Nxb7 {Normal} 0-1

[Event "Rated Blitz game"]
[Site "?"]
[Date "2021.06.20"]
[Round "?"]
[White "Strongmama1"]
[Black "Dzon_Vejn"]
[Result "0-1"]
[WhiteElo "2307"]
[BlackElo "2485"]
[PlyCount "98"]
[EventDate "2021.??.??"]
[EventType "blitz"]

1. e4 e5 2. Nf3 d5 3. exd5 e4 4. Nd4 Qxd5 5. Ne2 Qe5 6. Nbc3 Nc6 7. d3 exd3 8.
Qxd3 Bf5 9. Qe3 Qxe3 10. Bxe3 Bxc2 11. Nb5 O-O-O 12. Nf4 Bb4+ 13. Ke2 g5 14.
Nh3 h6 15. Rc1 Bf5 16. f3 a6 17. Nc3 Nf6 18. Nf2 Rhe8 19. Nce4 Nd5 20. a3 Bf8
21. g4 Bg6 22. Bg2 f5 23. gxf5 Bxf5 24. Rhd1 Nxe3 25. Kxe3 Rxd1 26. Rxd1 Bc5+
27. Ke2 Nd4+ 28. Kf1 Bb6 29. Ng3 Bc2 30. Rd2 Bb3 31. Nfe4 Bc4+ 32. Kf2 Nb3+ 33.
Ke1 Ba5 34. Kd1 Nxd2 35. Nxd2 Bxd2 36. Kxd2 Bd5 37. Bh3+ Kb8 38. Bg4 Be6 39.
Nf5 Bxf5 40. Bxf5 Rf8 41. Be4 c5 42. Kc3 Kc7 43. Kc4 b6 44. Kd5 Rd8+ 45. Ke5
Rd2 46. b4 c4 47. f4 gxf4 48. Kxf4 c3 49. Ke3 Rxh2 {Normal} 0-1

[Event "Rated Blitz game"]
[Site "?"]
[Date "2021.06.20"]
[Round "?"]
[White "Logmann72"]
[Black "Maltinho"]
[Result "0-1"]
[WhiteElo "2552"]
[BlackElo "2515"]
[PlyCount "88"]
[EventDate "2021.??.??"]
[EventType "blitz"]

1. e4 e5 2. Nf3 d5 3. exd5 Bd6 4. Bb5+ c6 5. dxc6 Nxc6 6. Nc3 Nf6 7. d3 Bg4 8.
h3 Bh5 9. Ne4 Nxe4 10. Bxc6+ bxc6 11. dxe4 O-O 12. O-O Qe7 13. Qe2 Kh8 14. Re1
f6 15. g4 Bg6 16. Nh4 Bc5 17. Nxg6+ hxg6 18. Be3 g5 19. Qc4 Bxe3 20. Rxe3 Rab8
21. Rb3 Rbd8 22. Qxc6 Rc8 23. Qb7 Rc7 24. Qb4 Qf7 25. Rc3 Rfc8 26. Rxc7 Rxc7
27. c3 Rc4 28. Qb8+ Kh7 29. Re1 Qd7 30. Qb3 Qc6 31. f3 Rc5 32. Rd1 Rb5 33. Qf7
Qb6+ 34. Kh1 Rxb2 35. c4 Rh2+ 36. Kxh2 Qf2+ 37. Kh1 Qxf3+ 38. Kh2 Qf2+ 39. Kh1
Qf3+ 40. Kh2 Qxd1 41. Qh5+ Kg8 42. Qe8+ Kh7 43. Qh5+ Kg8 44. Qe8+ Kh7 {Time
forfeit} 0-1

[Event "Rated Blitz game"]
[Site "?"]
[Date "2021.06.20"]
[Round "?"]
[White "TSM23"]
[Black "alaeldin112"]
[Result "1-0"]
[WhiteElo "2447"]
[BlackElo "2297"]
[PlyCount "95"]
[EventDate "2021.??.??"]
[EventType "blitz"]

1. e4 e5 2. Nf3 d5 3. exd5 e4 4. Qe2 Nf6 5. d3 Qxd5 6. Nbd2 Be7 7. dxe4 Qd8 8.
e5 Nd5 9. c4 Nf4 10. Qe4 Ng6 11. Bd3 Nc6 12. Bb1 Bb4 13. O-O Qe7 14. Re1 Be6
15. a3 Bxd2 16. Bxd2 a5 17. Bg5 Qc5 18. Bd3 h6 19. Bd2 O-O 20. h4 Rfd8 21. h5
Nf8 22. Rad1 Ne7 23. Be3 Qc6 24. Qf4 Rxd3 25. Rxd3 Qxc4 26. Qxc4 Bxc4 27. Rc3
b5 28. a4 Nd5 29. Rcc1 c6 30. Nd4 Nb4 31. b3 Bd5 32. Red1 Nd7 33. axb5 cxb5 34.
Nxb5 Nxe5 35. Nc7 Rd8 36. Bb6 Nbd3 37. Rc3 Be4 38. Bxa5 Rc8 39. f3 Bf5 40. b4
Be6 41. b5 Bd7 42. b6 Rb8 43. Rcxd3 Nxd3 44. Rxd3 Bf5 45. Rb3 Rb7 46. Na6 Be6
47. Nc5 Bxb3 48. Nxb7 {Normal} 1-0

[Event "Rated Rapid tournament C3niuSzK"]
[Site "?"]
[Date "2021.06.20"]
[Round "?"]
[White "Vinipux123"]
[Black "Siebenschlaefer"]
[Result "0-1"]
[WhiteElo "2320"]
[BlackElo "2403"]
[PlyCount "48"]
[EventDate "2021.??.??"]
[EventType "rapid"]

1. e4 e5 2. Nf3 d5 3. Nxe5 Bd6 4. d4 dxe4 5. c3 Bxe5 6. dxe5 Qxd1+ 7. Kxd1 Nc6
8. Bb5 Nge7 9. Bf4 Bd7 10. Nd2 Nxe5 11. Bxe5 Bxb5 12. Bxc7 f5 13. Re1 Kf7 14.
f3 Nd5 15. Be5 e3 16. Nb3 Rhe8 17. Bd4 f4 18. Kc2 Rac8 19. Rad1 Nb4+ 20. Kb1
Bd3+ 21. Ka1 Nc2+ 22. Kb1 Nxe1+ 23. Kc1 Nxg2 24. Rxd3 e2 {Normal} 0-1

[Event "Rated Blitz tournament zxZuA9Yg"]
[Site "?"]
[Date "2021.06.20"]
[Round "?"]
[White "Arisaaa"]
[Black "om_gendut"]
[Result "1-0"]
[WhiteElo "2469"]
[BlackElo "2434"]
[PlyCount "49"]
[EventDate "2021.??.??"]
[EventType "blitz"]

1. e4 e5 2. Nf3 d5 3. exd5 e4 4. Qe2 Be7 5. Qxe4 Nf6 6. Bb5+ Nbd7 7. Qd4 O-O 8.
O-O Nb6 9. Nc3 Nbxd5 10. Nxd5 Nxd5 11. Bc4 Nb4 12. Qc3 Bf5 13. d4 Nxc2 14. Bf4
Nxa1 15. Rxa1 Bd6 16. Bg5 Qd7 17. Ne5 Bxe5 18. dxe5 Qc6 19. Rc1 Rac8 20. b3 Be6
21. Qg3 Bxc4 22. Bf6 g6 23. Qf4 Bxb3 24. Rxc6 Rcd8 25. Rc1 {Normal} 1-0